Logo BPK

Biblioteka

Politechniki Koszalińskiej

Beitrag zum Kaltfliesspressen von Titan / (Rekord nr 29065)

Szczegóły MARC
000 -ETYKIETA REKORDU
podpole kontrolne o stałej długości 00625nam a2200205 i 4500
001 - NUMER KONTROLNY REKORDU
pole kontrolne bg
020 ## - MIĘDZYNARODOWY ZNORMALIZOWANY NUMER KSIĄŻKI - ISBN
ISBN 3181401021
040 ## - ŹRÓDŁO KATALOGOWANIA
Instytucja, która utworzyła rekord BPK
041 ## - KOD JĘZYKA
Kod języka tekstu pol
080 ## - UNIWERSALNA KLASYFIKACJA DZIESIĘTNA - UKD
UKD 669.295:621.77
920 ## - Międzynarodowy znormalizowany numer książki – ISBN
ISBN 3-18-140102-1
008 - POLE O STAŁEJ DŁUGOŚCI - DANE KONTROLNE
podpole kontrolne o stałej długości s pl f |000 0 pol
100 1# - NAZWA OSOBOWA
Nazwa osobowa WAGENER, Hans W.
245 #0 - TYTUŁ/ODPOWIEDZIALNOŚĆ
Tytuł Beitrag zum Kaltfliesspressen von Titan /
Pozostałe elementy strefy tytułu i oznaczenia odpowiedzialności Hans W. Wagener, Karl H. Tampe.
260 ## - STREFA ADRESU WYDAWNICZEGO
Miejsce wydania Dusseldorf :
Nazwa wydawcy/dystrybutora VDI,
Data publikacji, dystrybucji/powstania dokumentu 1985.
490 1# - STREFA SERII I DOKUMENTU WIELOCZĘŚCIOWEGO - FORMA NIE DO WYSZUKIWANIA
Tytuł i oznaczenie odpowiedzialności serii Fortschritt-Berichte VDI. R.2,Betribstechnik,
ISSN 0341-1656 ;
Numeracja w obrębie serii Nr 101
700 1# - HASŁO DODATKOWE - NAZWA OSOBOWA
Nazwa osobowa TAMPE, Karl H.
830 ## - HASŁO DODATKOWE SERII LUB DOKUMENTU WIELOCZĘŚCIOWEGO - TYTUŁ UJEDNOLICONY
Tytuł ujednolicony Fortschritt-Berichte VDI. R.2,Betribstechnik,
-- 0341-1656 ;
856 ## - LOKALIZACJA I DOSTĘP DO ELEKTRONICZNYCH DOKUMENTÓW ZDALNYCH
Link (URL) http://koha.tu.koszalin.pl/cgi-bin/koha/opac-detail.pl?biblionumber=29065
Tekst linku Katalog online BPK
942 ## - DODATKOWE ELEMENTY (KOHA)
Typ dokumentu Książka
Egzemplarze
Wycofany Status egzemplarza Uszkodzony Dostępność Lokalizacja stała Lokalizacja bieżąca Miejsce przechowywania Sygnatura Kod kreskowy Typ dokumentu
      Dostępny Biblioteka Politechniki Koszalińskiej Biblioteka Politechniki Koszalińskiej Wypożyczalnia BG 35115 02012032 Książka
© 2023 Biblioteka Politechniki Koszalińskiej :: KOHA